| 000 | 00496nam a2200205Ia 4500 | ||
|---|---|---|---|
| 003 | OSt | ||
| 005 | 20140414095713.0 | ||
| 008 | 140130s9999 xx 000 0 und d | ||
| 020 | _a0590223623 | ||
| 050 |
_aPZ 7 _b.B1688Br 1994 |
||
| 100 | _aBaker, Alan | ||
| 245 |
_cAlan Baker _aBrown Rabbit's Shape book / |
||
| 260 |
_bScholastic, _c1994. _aNew York : |
||
| 300 |
_a24 p. : _bcol. ill. ; _c21 cm. |
||
| 440 | _v1 | ||
| 521 | _aBR | ||
| 526 | _c130 | ||
| 942 |
_cBK _2lcc |
||
| 999 |
_c39848 _d39848 |
||